Nomeie um Município de Santa Catarina A-Z - Statistics

Estatísticas Gerais
  • Esse quiz foi jogado 420 vezes
  • A pontuação média é 14 de 24
Estatísticas das Respostas
Hint Resposta % Correto
B Balneário Arroio do Silva | Balneário Barra do Sul | +23
97%
C Caçador | Caibi | Calmon | +27
97%
J Jaborá | Jacinto Machado | Jaguaruna | +6
88%
F Faxinal dos Guedes | Flor do Sertão | Florianópolis | +4
87%
I Ibiam | Ibicaré | Ibirama | +22
86%
P Paial | Painel | Palhoça | +29
82%
A Abdon Batista | Abelardo Luz | Agrolândia | +22
78%
S Salete | Saltinho | Salto Veloso | +37
78%
L Lacerdópolis | Lages | Laguna | +9
77%
T Taió | Tangará | Tigrinhos | +12
76%
X Xanxerê | Xavantina | Xaxim
69%
G Galvão | Garopaba | Garuva | +9
65%
R Rancho Queimado | Rio das Antas | Rio do Campo | +9
62%
M Macieira | Mafra | Major Gercino | +14
56%
U União do Oeste | Urubici | Urupema | Urussanga
53%
N Navegantes | Nova Erechim | Nova Itaberaba | +3
52%
D Descanso | Dionísio Cerqueira | Dona Emma | Doutor Pedrinho
42%
V Vargeão | Vargem | Vargem Bonita | +3
38%
O Orleans | Otacílio Costa | Ouro | Ouro Verde
37%
Z Zortéa
32%
E Entre Rios | Ermo | Erval Velho
25%
H Herval d'Oeste
24%
Q Quilombo
21%
W Witmarsum
21%
Nenhum quiz correspondente encontrado
Distribuição das Pontuações
Porcentagem de Pessoas com Cada Pontuação
Percentil de Números Respondidos
Sua Pontuação Histórica
Você não jogou esse quiz